| 000 | 01384cam a22003617a 4500 | ||
|---|---|---|---|
| 999 |
_c529862 _d529862 |
||
| 001 | 14027273 | ||
| 003 | NUST | ||
| 005 | 20191004101321.0 | ||
| 008 | 050706s2005 dcuak b 000 0 eng d | ||
| 010 | _a 2004099606 | ||
| 020 | _a0309070228 | ||
| 035 | _a(OCoLC)ocm59667672 | ||
| 038 | _aMSOHAIL | ||
| 040 |
_aTRL _cTRL _dTDG _dDLC |
||
| 042 | _alccopycat | ||
| 050 | 0 | 0 |
_aTE178 _b.I58 2005 |
| 082 | 0 | 0 |
_a625.77 _222 |
| 245 | 1 | 0 |
_aIntegrated roadside vegetation management / _cconsultant, Robert L. Berger. |
| 260 |
_aWashington, D.C. : _bTransportation Research Board, National Research Council, _c2005. |
||
| 300 |
_a62, [17] p. : _bill., forms ; _c28 cm. |
||
| 490 | 1 |
_aNCHRP synthesis, _x0547-5570 ; _v341 |
|
| 504 | _aIncludes bibliographical references. | ||
| 530 | _aAlso available on the Internet. | ||
| 650 | 0 |
_aRoadside improvement. _921192 |
|
| 650 | 0 |
_aRoadside plants _xManagement. _922809 |
|
| 700 | 1 |
_aBerger, Robert L. _922810 |
|
| 710 | 2 |
_aNational Cooperative Highway Research Program. _920864 |
|
| 830 | 0 |
_aSynthesis of highway practice ; _v341. _922811 |
|
| 856 | 4 | 1 | _uhttp://gulliver.trb.org/publications/nchrp/nchrp%5Fsyn%5F341.pdf |
| 906 |
_a7 _bcbc _ccopycat _d2 _eepcn _f20 _gy-gencatlg |
||
| 942 |
_2ddc _cBK |
||